000
00293nam a22001337a 4500
008
170825b xxu||||| |||| 00| 0 eng d
020
_a
2900073268698
041
_a
eng
080
_2
3 ED
_a
070
100
_a
39
101
_a
MED
245
_a
BROADCAST NEWS
_c
TUGGLE.C.A
942
_2
udc
_c
BK
999
_c
25026
_d
25026